000 00466cam a2200157 4500500
005 20260405000358.0
041 _afre
042 _adc
100 1 0 _aTavoillot, Pierre-Henri
_eauthor
245 0 0 _aChomsky
260 _c2007.
500 _a89
690 _aChomsky
786 0 _nPhilosophie magazine | 8 | 4 | 2007-04-01 | p. 41-44 | 1951-1787
856 4 1 _uhttps://shs.cairn.info/magazine-philosophie-magazine-2007-4-page-41?lang=fr&redirect-ssocas=7080
999 _c2036567
_d2036567